| 000 | 00902nam a2200301Ia 4500 | ||
|---|---|---|---|
| 001 | 98014 | ||
| 003 | IT-RoPAU | ||
| 008 | 130308s9999 xx 000 0 und d | ||
| 040 | _aIT-RoPAU | ||
| 040 | _cIT-RoPAU | ||
| 041 | _aINGLESE | ||
| 100 | _aCwi Joan S. | ||
| 100 | _gCodice Aut. SPICS: 33702 | ||
| 245 | 2 | _aA Study in Carolingian Political Theology: the David Cycle at St. John, Mustair | |
| 245 | _bRiforma Religiosa e Arti nell'epoca Carolingia | ||
| 250 | _a1a ed. | ||
| 260 | _aBOLOGNA | ||
| 260 | _bClueb | ||
| 260 | _c1983 [1° Ed.:1983 - Ed.Ling.Originale:1983] | ||
| 300 | _a"11 p. (prefazione: no ; testo: 11 [pagine: 117-127])" | ||
| 500 | _aStudio di Teologia Politica Carolingia. Ciclo di Davide in St.John a Mustair. | ||
| 650 | _aSTORIA DELLE ARTI VISIVE | ||
| 650 | _eCodice materia Spics: 5008 | ||
| 942 | _cBK | ||
| 957 | _71 | ||
| 999 |
_c47080 _d47080 |
||
| 999 | _bSI | ||
| 999 | _g1 | ||